Personaggi di Breaking Bad - Statistics

Statistiche generali
  • Questo quiz è stato fatto 70 volte
  • Il punteggio medio è 15 su 24
Statistiche sulle risposte
con Immagini Risposta % Corretto
Gus Fring
91%
Hank Schrader
91%
Jesse Pinkman
91%
Walter White
91%
Saul Goodman
90%
Skyler White
90%
Mike Ehrmantraut
84%
Hector Salamanca
83%
Marie Schrader
69%
Ted Beneke
69%
Skinny Pete
67%
Steven Gomez
67%
Todd Alquist
55%
Walter White Jr.
55%
Gale Boetticher
53%
Andrea Cantillo
50%
Brandon "Badger" Mayhew
50%
Brock Cantillo
48%
Krazy-8
47%
Lydia Rodarte-Quayle
43%
Huell Babineaux
41%
Victor
33%
Tyrus Kitt
31%
Jane Margolis
29%
Nessun quiz corrispondente trovato
Distribuzione punteggi
Percentuale di utenti per punteggio
Percentile per numero di risposta
I tuoi punteggi nel tempo
Non hai fatto questo quiz